000 00498nam a2200181Ia 4500
005 20250508164515.0
008 008 250505s9999 xx 000 0 hin d
037 _aTextual
040 _aFEDL
_beng
_cFEDL
041 _ahin
_2eng
084 _a333.7, CEN
_qFEDL
245 0 _aPrakriti ka krodh : Paryavaran vinash ka dushprabhaav baad va sookka
260 _c1986
546 _aMACESE
650 _aNatural resources
942 _cTEXL
_h333.7, CEN
999 _c1389479
_d1389479